|
|
|
|
| LEADER |
00000nam0a2200000 4500 |
| 001 |
372754 |
| 005 |
20231102012514.0 |
| 035 |
|
|
|a (RuTPU)RU\TPU\retro\30179
|
| 090 |
|
|
|a 372754
|
| 100 |
|
|
|a 20221215d1979 m y0rusy50 ca
|
| 101 |
0 |
|
|a rus
|
| 102 |
|
|
|a RU
|
| 105 |
|
|
|a a z 001zy
|
| 200 |
1 |
|
|a Методы статистического анализа при управлении качеством изготовления элементов РЭА
|f П. П. Сыпчук, А. М. Талалай
|
| 210 |
|
|
|a Москва
|c Советское радио
|d 1979
|
| 215 |
|
|
|a 168 с.
|c ил.
|
| 225 |
1 |
|
|a Библиотека радиоконструктора
|
| 320 |
|
|
|a Библиогр.: с. 161-167
|
| 606 |
1 |
|
|a Радиоэлектронная аппаратура
|x Качество
|x Управление
|x Статистические методы
|2 stltpush
|3 (RuTPU)RU\TPU\subj\23407
|9 48012
|
| 610 |
1 |
|
|a теория вероятностей
|
| 610 |
1 |
|
|a математическая статистика
|
| 610 |
1 |
|
|a РЭА
|
| 610 |
1 |
|
|a производство
|
| 610 |
1 |
|
|a исследование
|
| 610 |
1 |
|
|a пассивные методы
|
| 610 |
1 |
|
|a статические модели
|
| 610 |
1 |
|
|a динамические модели
|
| 675 |
|
|
|a 621.396.6.002:658
|v 4
|
| 700 |
|
1 |
|a Сыпчук
|b П. П.
|g Петр Павлович
|
| 701 |
|
1 |
|a Талалай
|b А. М.
|g Александр Михайлович
|
| 801 |
|
1 |
|a RU
|b 63413507
|c 20221215
|
| 942 |
|
|
|c BK
|